LDR 01573nam a2200313 i 4500 001 000000366887 003 CaOOAMICUS 005 20260317141311.0 008 260317s2025 be u000 u lat u 020 $a2-503-05019-0 020 $a978-2-503-60977-5 040 $aSeMil$bita 100 1 $aBorfoni, Folchino,$d
.$0(OLS)http://semarc/name/5235 245 10$a2: Folchini de Borfonibus Divisiones, Memorialia /$ccura et studio Harald Anderson, Carla DeSantis, Claudia Pagliari. 264 1$aTurnhout :$bBrepols,$c2025. 300 $aLXXII, 406 p. ;$c26 cm. 490 0 $aCorpus Christianorum. Continuatio Mediaevalis ;$v201.A 700 1 $aPagliari, Claudia.$0(OLS)http://semarc/name/123938 700 1 $aAnderson, Harald.$0(OLS)http://semarc/name/123937 700 1 $aDesantis, Carla.$0(OLS)http://semarc/name/50724 773 0 $aBorfoni, Folchino
$tFolchini de Borfonibus Opera omnia.$dTurnhout : Brepols, 2003-$kCorpus Christianorum. Continuatio Mediaevalis$g2$w()10835 830 0$aCorpus Christianorum. Continuatio Mediaevalis ;$v201.A.$0(OLS)http://semarc/title/35 850 $aSeMil 852 $aSeMil$W1$xVenegono$y1$mSL2.G CC.CM 201/A$j268598$B257642$CSeMilBibl$Z2$F257642 $8I 996 $6020$a2-503-05019-0$9(OLS)http://semarc/number/107666 996 $6020$a978-2-503-60977-5$9(OLS)http://semarc/number/305528 996 $6245$a2: Folchini de Borfonibus Divisiones, Memorialia$9(OLS)http://semarc/title/458681 996 $6264$aTurnhout :$bBrepols$9(OLS)http://semarc/publisher/29626